000 00768nam a2200253 a 4500
001 BRL_157
005 20190320210619.0
008 850709s1985 enka#####b---f000-0#eng-#
020 _a0714115738
040 _aDLC
_cDLC
_dDLC
041 _aeng
044 _aenk
050 4 _aF2519.1.A16
_b.H53 1985
245 1 0 _aThe Hidden peoples of the Amazon
_cElizabeth Carmichael ... [et al.].
260 _aLondres
_bBritish Museum Publications
_c1985
300 _a96 p.
_bil. (algunas a color)
_c25 cm.
500 _aAu213
504 _aBibliografía: p. 95-96
650 1 4 _aIndígenas de América del Sur
_vExposiciones
_zBrasil
_923065
650 1 4 _aMuseo del hombre
_vExposiciones
_923066
700 1 _aCarmichael, Elizabeth
_923067
902 _aGRL
942 _2lcc
_cB
999 _c8970
_d8970